000 00654nam a2200217Ia 4500
003 OSt
005 20220926044550.0
006 a|||||r|||| 00| 0
007 ta
008 220923b |||||||| |||| 00| 0 eng d
037 _cGeneral Book
040 _aRTL
_cRTL
_beng
041 _2eng
_aeng
082 _aX.59610j5966.N6, K0
110 _aOrganisation for European Economic C0-operation
_9349192
245 0 _aEconomic conditions in member and associated count
260 _c1960
700 _aOrganisation for European Economic C0-operation
_9349193
942 _hX.59610j5966.N6, K0
_cGB
_2CC
999 _c675234
_d675234